| 000 | 00656nam a22002295a 4500 | ||
|---|---|---|---|
| 008 | 161120t2002 xxua|||fr|||| 001 0 eng d | ||
| 020 | _a9781292017792 | ||
| 040 |
_aEG-ScBUE _beng _cEG-ScBUE |
||
| 082 | 0 | 4 |
_222 _a658.5 _bSLA |
| 100 | 1 |
_a Slack, Nigel _92896 |
|
| 245 | 1 | 0 |
_aOperations strategy / _cNigel Slack |
| 250 | _a4th ed. | ||
| 260 |
_aNew York : _bPearson, _c2015. |
||
| 300 |
_axxv, 451 p. : _bill. ; _c26 cm. |
||
| 500 | _aIndex : p. 443-451. | ||
| 590 | _aSuzan Ashmawy | ||
| 650 | 7 |
_2BUEsh _aProduction management. |
|
| 650 | 7 |
_2BUEsh _aStrategic planning. |
|
| 651 | _2BUEsh | ||
| 700 | 1 |
_aLewis, Michael, _eauthor. _924154 |
|
| 942 | _2ddc | ||
| 999 |
_c23203 _d23175 |
||